Data-driven healthcare : (Record no. 23262)
[ view plain ]
| 000 -LEADER | |
|---|---|
| fixed length control field | 01331cam a22002655a 4500 |
| 001 - CONTROL NUMBER | |
| control field | 18182439 |
| 005 - DATE AND TIME OF LATEST TRANSACTION | |
| control field | 20161122121052.0 |
| 008 - FIXED-LENGTH DATA ELEMENTS--GENERAL INFORMATION | |
| fixed length control field | 140606t2014 njua frb 001 0 eng d |
| 020 ## - INTERNATIONAL STANDARD BOOK NUMBER | |
| International Standard Book Number | 9781118772218 |
| 040 ## - CATALOGING SOURCE | |
| Original cataloging agency | DNLM/DLC |
| Language of cataloging | eng |
| Transcribing agency | DLC |
| Modifying agency | DLC |
| -- | EG-ScBUE |
| 082 04 - DEWEY DECIMAL CLASSIFICATION NUMBER | |
| Classification number | 362.10684 |
| Edition number | 22 |
| Item number | MAD |
| 100 1# - MAIN ENTRY--PERSONAL NAME | |
| Personal name | Madsen, Laura B., |
| Dates associated with a name | 1973- |
| 245 10 - TITLE STATEMENT | |
| Title | Data-driven healthcare : |
| Remainder of title | how analytics and BI are transforming the industry / |
| Statement of responsibility, etc | Laura Madsen. |
| 260 ## - PUBLICATION, DISTRIBUTION, ETC. (IMPRINT) | |
| Place of publication, distribution, etc | Hoboken : |
| Name of publisher, distributor, etc | John Wiley & Sons, |
| Date of publication, distribution, etc | c.2014. |
| 300 ## - PHYSICAL DESCRIPTION | |
| Extent | xvii, 198 p. : |
| Other physical details | ill. ; |
| Dimensions | 24 cm. |
| 490 0# - Series Statement | |
| Series statement | Wiley & SAS business series. |
| 504 ## - BIBLIOGRAPHY, ETC. NOTE | |
| Bibliography, etc | Includes bibliographical references and index. |
| 505 0# - FORMATTED CONTENTS NOTE | |
| Formatted contents note | What does data mean to you? -- What happens when you use data to transform an industry? -- How the lack of data standardization impedes data driven healthcare -- Adopting your data warehouse for the next step in BI maturity -- Creating a data driven healthcare organization -- Applying 'big data' to change healthcare -- Making data consumable -- Data privacy and confidentiality : a brave new world -- A call to action. |
| 650 #7 - SUBJECT ADDED ENTRY--TOPICAL TERM | |
| Topical term or geographic name as entry element | Health insurance |
| Geographic subdivision | United States |
| General subdivision | Finance. |
| Source of heading or term | BUEsh |
| 650 #7 - SUBJECT ADDED ENTRY--TOPICAL TERM | |
| Topical term or geographic name as entry element | Business intelligence. |
| Source of heading or term | BUEsh |
| 9 (RLIN) | 3881 |
| 650 #7 - SUBJECT ADDED ENTRY--TOPICAL TERM | |
| Topical term or geographic name as entry element | Medical economics |
| Geographic subdivision | United States. |
| Source of heading or term | BUEsh |
| 9 (RLIN) | 29095 |
| 651 ## - SUBJECT ADDED ENTRY--GEOGRAPHIC NAME | |
| Source of heading or term | BUEsh |
| 653 ## - INDEX TERM--UNCONTROLLED | |
| Resource For college | Informatics and Computer Science |
| Arrived date list | November2016 |
| 942 ## - ADDED ENTRY ELEMENTS (KOHA) | |
| Source of classification or shelving scheme | Dewey Decimal Classification |
| Withdrawn status | Item status | Source of classification or shelving scheme | Damaged status | Not for loan | Home library | Current library | Shelving location | Date acquired | Source of acquisition | Cost, normal purchase price | Serial Enumeration / chronology | Total Checkouts | Full call number | Barcode | Date last seen | Cost, replacement price | Koha item type |
|---|---|---|---|---|---|---|---|---|---|---|---|---|---|---|---|---|---|
| Dewey Decimal Classification | Central Library | Central Library | First floor | 22/11/2016 | Purchase | 650.00 | 2000088 | 362.10684 MAD | 000034985 | 15/07/2025 | 812.50 | Book - Borrowing |